000 00376nam a2200145Ia 4500
008 230917s9999||||xx |||||||||||||| ||und||
040 _e251915
_aMAIN
041 _aEnglish
082 _a320.011 M314M
100 _aManju
245 0 _aMahatma Gandhiji aur Netaji Subhash Chandra Bose: Ek sankshipt tulnatmak adhyayan
260 _c2017
300 _a110 p.
942 _cTH
999 _c128234
_d128234